000 00710nam a2200217Ia 4500
003 OSt
005 20230828155127.0
008 210716s1997 xx 000 0 und d
040 _cAIMIT LIBRARY
041 _aeng
082 _a005.11FP
_21
_bJAIS
100 _aJaiswal S.
_9131174
245 _aUnderstanding visual foxpro for windows /
_cBy S Jaiswal.
250 _a1st ed.
260 _aNew Delhi :
_bGalgotia Publications Pvt Ltd ,
_c1997.
300 _axiv,537p. ;
650 _aCreating tables and viewing data
_9131175
650 _aQuerying data with query wizard and query designer
_9131176
650 _aDefining databases tables and indexes
_9131177
942 _2ddc
_cBK
_e1st ed.
_k005.11FP JAIS
999 _c183299
_d183299